• 首页
  • 本馆介绍
  • 公告通知
  • 最新文献
  • 馆藏检索
  • 电子资源
  • 读者导购
  • 参考咨询
  • 我的图书馆
  • 登录
  • 详细信息显示
  • 放入我的书架
  • 预约/预借图书
  • 作者相关作品
  • 分类相关作品
  • 丛书相关作品
  • 出版社相关作品

书目信息

  • 表格格式
  • 工作单格式
  • 卡片格式
题名:
文化转向与课程改革
    
 
作者: 周勇 著
分册:  
出版信息: 上海   华东师范大学出版社  2015
页数: 263页
开本: 23cm
丛书名: “教育、文化与社会:新教育叙事研究”丛书
单 册:
中图分类: G529.6 , G423.07
科图分类:
主题词: 教育史--jiao yu shi--研究--中国--民国 , 课程改革--ke cheng gai ge--研究--中国
电子资源:
ISBN: 978-7-5675-2679-2
000 01264nam0 22003011 450
001 0102164832
005 20170502164832.0
010    @a978-7-5675-2679-2@dCNY35.00
100    @a20150319d2015 em y0chiy50 ea
101 0  @achi
102    @aCN@b310000
105    @ay z 000yy
106    @ar
200 1  @a文化转向与课程改革@9wen hua zhuai xiang yu ke cheng gai ge@e以王国维、胡适和钱穆为中心@f周勇著
210    @a上海@c华东师范大学出版社@d2015
215    @a263页@d23cm
225 2  @a“教育、文化与社会:新教育叙事研究”丛书@9jiao yu wen hua yu she hui xin jiao yu xu shi yan jiu cong shu
300    @a教育部人文社会科学青年基金项目成果之一
330    @a本书分为五部分,内容包括现代中国教育的文化转向与文化认同、中国教育遭遇文化认同危机、独上高楼的寂寞先驱及其文化开拓与课程贡献、“文艺复兴”一代的文化重建与课程改革努力等。
461  0 @12001 @a“教育、文化与社会:新教育叙事研究”丛书
517 1  @a以王国维、胡适和钱穆为中心@9yi wang guo wei hu shi he qian mu wei zhong xin
606 0  @a教育史@9jiao yu shi@x研究@y中国@z民国
606 0  @a课程改革@9ke cheng gai ge@x研究@y中国
690    @aG529.6@v5
690    @aG423.07@v5
701  0 @a周勇@9zhou yong@f(1973.2~)@4著
801  0 @aCN@b百万庄@c20170308
905    @b1001548-53@dG529.6@e222@f6
    
    文化转向与课程改革:以王国维、胡适和钱穆为中心/周勇著.-上海:华东师范大学出版社,2015
    263页;23cm.-(“教育、文化与社会:新教育叙事研究”丛书)
    教育部人文社会科学青年基金项目成果之一
    
    ISBN 978-7-5675-2679-2:CNY35.00
    本书分为五部分,内容包括现代中国教育的文化转向与文化认同、中国教育遭遇文化认同危机、独上高楼的寂寞先驱及其文化开拓与课程贡献、“文艺复兴”一代的文化重建与课程改革努力等。
●
相关链接 在E读中查询图书 在五车中查询图书 在当当中查询图书 在豆瓣中查询图书


正题名:文化转向与课程改革     索取号:G529.6/222         预约/预借

序号 登录号 条形码 馆藏地/架位号 状态 备注
1 1001548   210015482   第一样本阅览室/ [索取号:G529.6/222] 在馆    
2 1001549   210015491   教育系资料室/ [索取号:G529.6/222] 在馆    
3 1001550   210015507   教育系资料室/ [索取号:G529.6/222] 在馆    
4 1001551   210015516   教育系资料室/ [索取号:G529.6/222] 在馆    
5 1001552   210015525   第四借阅区/ [索取号:G529.6/222] 在馆    
6 1001553   210015534   第四借阅区/ [索取号:G529.6/222] 在馆    
唐山师范学院图书馆 欢迎您!
大连网信软件有限公司© 版权所有